ბათუმის შოთა რუსთაველის სახელმწიფო უნივერსიტეტის ბიბლიოთეკა

ზოგადი ფონეტიკის შესავალი = Введение в общую фонетику : (ბიბ.ჩანაწერი № 53289)

000 -ლიდერი
ფიქსირებული სიგრძის საკონტროლო ველი 01871nam a2200313Ia 4500
001 - საკონტროლო ნომერი
საკონტროლო ველი 20330
003 - საკონტროლო ნომრის იდენტიფიკატორი
საკონტროლო ველი GE_BSU
005 - ბოლო ოპერაციის თარიღი და დრო
საკონტროლო ველი 20200914172117.0
008 - ფიქსირებული სიგრძის მონაცემთა ელემენტები - ზოგადი ინფორმაცია
ფიქსირებული სიგრძის საკონტროლო ველი 181216s1966||||ge |||||||||||||| ||geo||
040 ## - კატალოგიზაციის წყარო
Transcribing agency GE_BSU
041 ## - ენის კოდი
Language code of text/sound track or separate title geo
080 ## - უნივერსალური ათობითი კლასიფიკაციის ინდექსი
Universal Decimal Classification number 811.353.1'342 ა-98
100 ## - მთავარი ჩანაწერი - პიროვნების სახელი
Personal name ახვლედიანი, გ.
9 (RLIN) 2910
245 ## - ცნობა სათაურის შესახებ
Title ზოგადი ფონეტიკის შესავალი = Введение в общую фонетику :
Remainder of title სახელმძღვანელო /
Statement of responsibility, etc გ. ახვლედიანი ; რედაქტორი ელ. სარჯველაძე.
250 ## - გამოცემის ცნობა
Edition statement მეორე გამოცემა
264 ## - წარმოების, გამოცემის, დისტრიბუციის და სხვა ცნობები
გამოცემის, წარმოების, დისტრიბუციის... ადგილი თბილისი :
გამოცემის, წარმოების, დისტრიბუციის... სახელწოდება განათლება,
გამოცემის, წარმოების, დისტრიბუციის... თარიღი 1966.
300 ## - ფიზიკური აღწერა
Extent 208 გვ. ;
Dimensions 22 სმ.
653 ## - INDEX TERM--UNCONTROLLED
Uncontrolled term ფონეტიკა
653 ## - INDEX TERM--UNCONTROLLED
Uncontrolled term ზოგადი ფონეტიკა
653 ## - INDEX TERM--UNCONTROLLED
Uncontrolled term ფონეტიკის საგანი და მეთოდები
653 ## - INDEX TERM--UNCONTROLLED
Uncontrolled term საწარმოთქმო ორგანოები, მათი მოქმედება და ფონემის ფიზიკური თვისებები
653 ## - INDEX TERM--UNCONTROLLED
Uncontrolled term სამეტყველო ბგერათა კლსიფიკაცია
653 ## - INDEX TERM--UNCONTROLLED
Uncontrolled term რუსულისა და ქართულის ფონემური შედგენილობა
653 ## - INDEX TERM--UNCONTROLLED
Uncontrolled term ბგერათშეერთება -მარცვალი
653 ## - INDEX TERM--UNCONTROLLED
Uncontrolled term ბგერათრაოდენობა ანუ ბგერათა სიგრძე–სიმოკლე
653 ## - INDEX TERM--UNCONTROLLED
Uncontrolled term მახვილი - სამეტყველო ბგერა და წერა
700 ## - ADDED ENTRY--PERSONAL NAME
Personal name სარჯველაძე, ელ.
Relator term რედაქტორი
9 (RLIN) 9534
942 ## - ADDED ENTRY ELEMENTS (KOHA)
Koha item type წიგნი
Source of classification or shelving scheme
ეგზემპლარები
ჩამოწერის სტატუსი დაკარგული ეგზემპლარის სტატუსი კლასიფიკაციის წყარო ან თაროზე გაწყობის სქემა დაზიანების სტატუსი არ გაიცემა მუდმივი მდებარეობა (დაცვის ადგილი) ამჟამინდელი ადგილსამყოფელი თაროზე განთავსების ადგილი შეძენის თარიღი ღირებულება, შესყიდვის ნორმალური ფასი სრული შენახვის შიფრი შტრიხკოდი ბოლო ოპერაციის თარიღი ეგზემპლარის მიმდევრობითი ნომერი (კეტერი?) ფასის ძალაში შესვლის თარიღი ეგზემპლარის სახეობა საჯარო შენიშვნა
          ბათუმის შოთა რუსთაველის სახელმწიფო უნივერსიტეტის მთავარი ბიბლიოთეკა ბათუმის შოთა რუსთაველის სახელმწიფო უნივერსიტეტის მთავარი ბიბლიოთეკა წიგნსაცავი 2018-12-17 1.22 811.353.1'342 ა-98 53141 2018-12-17 53141 2018-12-17 წიგნი 1.22 ლ.
          ბათუმის შოთა რუსთაველის სახელმწიფო უნივერსიტეტის მთავარი ბიბლიოთეკა ბათუმის შოთა რუსთაველის სახელმწიფო უნივერსიტეტის მთავარი ბიბლიოთეკა წიგნსაცავი 2018-12-17 1.22 811.353.1'342 ა-98 53142 2018-12-17 53142 2018-12-17 წიგნი 1.22 ლ.
          ბათუმის შოთა რუსთაველის სახელმწიფო უნივერსიტეტის მთავარი ბიბლიოთეკა ბათუმის შოთა რუსთაველის სახელმწიფო უნივერსიტეტის მთავარი ბიბლიოთეკა წიგნსაცავი 2018-12-17 4.00 811.353.1'342 ა-98 53143-4ლ. 2018-12-17 53143 2018-12-17 წიგნი 4.00 ლ.
          ბათუმის შოთა რუსთაველის სახელმწიფო უნივერსიტეტის მთავარი ბიბლიოთეკა ბათუმის შოთა რუსთაველის სახელმწიფო უნივერსიტეტის მთავარი ბიბლიოთეკა წიგნსაცავი 2018-12-17 1.22 811.353.1'342 ა-98 53144 2018-12-17 53144 2018-12-17 წიგნი 1.22 ლ.
          ბათუმის შოთა რუსთაველის სახელმწიფო უნივერსიტეტის მთავარი ბიბლიოთეკა ბათუმის შოთა რუსთაველის სახელმწიფო უნივერსიტეტის მთავარი ბიბლიოთეკა წიგნსაცავი 2018-12-17 1.22 811.353.1'342 ა-98 53152 2018-12-17 53152 2018-12-17 წიგნი 1.22 ლ.